Vista normal
Vista MARC
Entrada Topical Term
Número de registros utilizados en: 1
001 - CONTROL NUMBER
- control field: 36713
003 - CONTROL NUMBER IDENTIFIER
- control field: OSt
005 - DATE AND TIME OF LATEST TRANSACTION
- control field: 20210409113603.0
008 - FIXED-LENGTH DATA ELEMENTS
- fixed length control field: 210409|| aca||aabn | a|a d
040 ## - CATALOGING SOURCE
- Original cataloging agency: OSt
- Transcribing agency: OSt
150 ## - HEADING--TOPICAL TERM
- Topical term or geographic name entry element: Estados financieros
670 ## - SOURCE DATA FOUND
- Source citation: Work cat.: (OSt)11443: Betancourt Builes, Luis Enrique, autor 25533, Sistema integral de ajustes por inflación en los estados financieros / , 1990.